Súčasný spotrebiteľ a elektronické nakupovanie diplomová práca

Enregistré dans:
Détails bibliographiques
Auteur principal: Mackaničová, Michala
Collectivité auteur: Obchodná fakulta EU. Katedra marketingu
Autres auteurs: Vokounová, Dana, 1962-
Format: Livre
Langue:slovaque
Publié: Bratislava 2013
Tags: Ajouter un tag
Pas de tags, Soyez le premier à ajouter un tag!

MARC

LEADER 00000nbm a2200000 4500
001 0169345
005 20161109102257.7
041 0 |a slo 
044 |a SK 
245 1 0 |a Súčasný spotrebiteľ a elektronické nakupovanie  |b diplomová práca  |c Michala Mackaničová ; školiteľ: Marína Korčoková 
264 1 |a Bratislava  |c 2013 
300 |a 84 s. 
100 1 |a Mackaničová, Michala 
700 1 |a Vokounová, Dana, 1962- 
710 2 |a Obchodná fakulta EU. Katedra marketingu